二桁ホールド経験のある現役選手(2026) - Statistics

General Stats
  • This quiz has been taken 28 times
  • The average score is 66 of 119
Answer Stats
現所属 達成年 Answer % Correct
阪神 2017~24年 岩崎優
95%
巨人 2025年 田中瑛斗
95%
日本ハム 2024,25年 田中正義
95%
阪神 2021,25年 及川雅貴
89%
阪神 2023~25年 石井大智
89%
DeNA 2017,21,24年 山﨑康晃
89%
DeNA 2024年 中川虎大
89%
巨人 2019~21,23,25年 中川皓太
89%
中日 2022~25年 清水達也
89%
ヤクルト 2020~23年 清水昇
89%
オリックス 2023年 山﨑颯一郎
89%
阪神 2019年 ドリス
84%
阪神 2021~23年 岩貞祐太
84%
巨人 2019年 マルティネス
84%
中日 2023,2024年 松山晋也
84%
広島 2023~25年 栗林良吏
84%
ソフトバンク 2024,25年 杉山一樹
84%
ロッテ 2012,14~16,18,19,23年 益田直也
84%
巨人 2025年 大勢
79%
日本ハム 2009~21,23~25年 宮西尚生
79%
巨人 2025年 則本昂大
74%
中日 2019~21,23年 福敬登
74%
広島 2021,22,24,25年 森浦大輔
74%
広島 2021,23~25年 島内颯太郎
74%
ヤクルト 2013,17,22,23年 石山泰稚
74%
ヤクルト 2019,22,24,25年 田口麗斗
74%
ソフトバンク 2022,24,25年 藤井皓哉
74%
ソフトバンク 2022~25年 松本裕樹
74%
楽天 2023~25年 鈴木翔天
74%
西武 2020~22年 平良海馬
74%
ロッテ 2024,25年 鈴木昭汰
74%
阪神 2022,25年 湯浅京己
68%
DeNA 2017,19,23~25年 森原康平
68%
巨人 2017~24年 高梨雄平
68%
中日 2023~25年 齋藤綱記
68%
広島 2014,15,17,25年 中崎翔太
68%
日本ハム 2025年 齋藤友貴哉
68%
オリックス 2010~12,15年 平野佳寿
68%
オリックス 2024年 マチャド
68%
西武 2020年 高橋礼
68%
ロッテ 2024,25年 横山陸人
68%
阪神 2023~25年 桐敷拓馬
63%
DeNA 2022~25年 伊勢大夢
63%
DeNA 2022年 入江大生
63%
中日 2019,22~25年 藤嶋健人
63%
ヤクルト 2023,24年 木澤尚文
63%
ソフトバンク 2023年 オスナ
63%
オリックス 2018,20,24,25年 山田修義
63%
楽天 2024,25年 藤平尚真
63%
西武 2025年 山田陽翔
63%
巨人 2024,25年 船迫大雅
58%
広島 2024,25年 ハーン
58%
ヤクルト 2024年 大西広樹
58%
ソフトバンク 2017~21,23年 モイネロ
58%
日本ハム 2019,23年 島本浩也
58%
日本ハム 2020~22年 堀瑞輝
58%
オリックス 2023年 宇田川優希
58%
オリックス 2025年 山岡泰輔
58%
楽天 2018,23,25年 加治屋蓮
58%
ヤクルト 2023,25年 星知弥
53%
ソフトバンク 2024年 ヘルナンデス
53%
日本ハム 2014年 福谷浩司
53%
日本ハム 2022年 北山亘基
53%
オリックス 2013,17,20,21,25年 岩嵜翔
53%
阪神 2021年 畠世周
47%
巨人 2024年 バルドナード
47%
中日 2025年 橋本侑樹
47%
広島 2015年 大瀬良大地
47%
広島 2020,2124年 塹江敦哉
47%
ソフトバンク 2021~24年 津森宥紀
47%
楽天 2019~24年 宋家豪
47%
楽天 2025年 西垣雅矢
47%
西武 2019,24,25 甲斐野央
47%
西武 2023,24年 佐藤隼輔
47%
西武 2025年 ウィンゲンター
47%
ロッテ 2019,21年 唐川侑己
47%
DeNA 2021年 佐々木千隼
42%
DeNA 2024年 坂本裕哉
42%
中日 2018~20,22年 梅野雄吾
42%
中日 2023年 勝野昌慶
42%
ヤクルト 2023年 大道温貴
42%
ヤクルト 2025年 荘司宏太
42%
日本ハム 2023~25年 河野竜生
42%
日本ハム 2024年 杉浦稔大
42%
オリックス 2018年 博志
42%
オリックス 2023~25年 ペルドモ
42%
楽天 2022,25年 西口直人
42%
ロッテ 2023,24年 坂本光士郎
42%
DeNA 2025年 宮城滝太
37%
巨人 2022年 平内龍太
37%
中日 2024年 アブレウ
37%
ヤクルト 2022~25年 拓也
37%
日本ハム 2019,20,22,23,25年 玉井大翔
37%
日本ハム 2025年 上原健太
37%
楽天 2019~21,23,24年 酒居知史
37%
楽天 2023,24年 渡辺翔太
37%
ロッテ 2019年 澤田圭佑
37%
ロッテ 2022,25年 小野郁
37%
ロッテ 2025年 高野脩汰
37%
DeNA 2022年 浜地真澄
32%
中日 2025年 メヒア
32%
ソフトバンク 2021年 大江竜聖
32%
日本ハム 2023~23年 池田隆英
32%
日本ハム 2023年 菊地大稀
32%
オリックス 2024年 古田島成龍
32%
オリックス 2024年 吉田輝星
32%
オリックス 2025年 才木海翔
32%
西武 2017,18年 黒木優太
32%
ロッテ 2022年 西野勇士
32%
DeNA 2021年 馬場皐輔
26%
広島 2020~22年 ケムナ誠
26%
ソフトバンク 2023年 大津亮介
26%
オリックス 2022,23年 阿部翔太
26%
西武 20~23年 森脇亮介
26%
楽天 2021,22年 今野龍太
21%
巨人 2024年 西舘勇陽
16%
オリックス 2021年 富山凌雅
16%
オリックス 2022年 本田仁海
16%
ロッテ 2023年 東妻勇輔
11%
No matching quizzes found
Score Distribution
Percent of People with Each Score
Percentile by Number Answered
Your Score History
You have not taken this quiz